Countries with Lowest Highest Points - Statistics

General Stats
  • This quiz has been taken 1,194 times
  • The average score is 10 of 20
Answer Stats
high pt (m) country high pt (ft) % Correct
71 Nauru 233
79%
5 Tuvalu 15
77%
2 Maldives 8
76%
242 Palau 794
75%
81 Kiribati 266
73%
10 Marshall Islands 33
71%
161 Monaco 528
64%
164 Singapore 537
60%
75 Vatican City 246
60%
253 Malta 830
59%
122 Bahrain 400
55%
63 Bahamas 207
54%
171 Denmark 561
53%
103 Qatar 338
53%
306 Kuwait 1004
48%
53 Gambia 174
28%
294 Lithuania 964
26%
300 Guinea-Bissau 984
16%
68 Niue 223
12%
188 Aruba 617
11%
No matching quizzes found
Score Distribution
Percent of People with Each Score
Percentile by Number Answered
Your Score History
You have not taken this quiz